000 00615nam a2200217 a 4500
005 20140310183516.0
008 110110s19uu xx 00 eng d
020 _a9781416549710
050 _aRC 489.M53
_b.H96 2009
100 _aHyman, Mark
245 _aThe ultramind solution /
_cMark Hyman.
260 _aNew York :
_bScribner,
_c2009.
300 _a447 p. :
_bill. ;
_c25 cm.
521 _aPSYCH
650 _aMind and body therapies.
650 _aNutritional induced diseases.
650 _aDietary supplements.
700 _aforeword by Martha Herbert
942 _cBK
_2lcc
_kFOR
999 _c24287
_d24287